000 002970000a22000970004500
100 1 _aGarcía, Santiago
245 1 0 _aEl Marco Lingüistico de los Nuevos Métodos Exegéticos de Análisis Literario
300 _avol. 57, núm 1 (1999), Páginas 257-270
773 0 _tEstudios Bíblicos
942 _cANA
999 _c50287
_d50287